000 00292nam a22001217a 4500
008 170816b xxu||||| |||| 00| 0 eng d
041 _aeng
080 _25 ED
_a51
100 _a36
101 _aMAT
245 _aMATHEMATICAL REASONING FOR ELEMENTARY TEACHER
_cLONG.C.T
942 _2udc
_cBK
999 _c23687
_d23687